Edificios y proyectos 1950 1974

Salvato in:
Dettagli Bibliografici
Autore principale: Stirling, James (Autore)
Natura: Libro
Lingua:spagnolo
Pubblicazione: Barcelona Gustavo Gili 1982
Edizione:2a. ed
Soggetti:
Tags: Aggiungi Tag
Nessun Tag, puoi essere il primo ad aggiungerne!!

MARC

LEADER 00000nam a2200000 a 4500
001 UCT1737
003 CL-VaPUC
008 961004e19820000SP |||||||||||||||||spa|d
082 0 4 |a 720.92  |b STI  |2 21 
100 0 |a Stirling, James  |e author  |9 370780 
245 1 0 |a Edificios y proyectos 1950 1974 
250 |a 2a. ed 
300 |a 185 p 
942 |c BK 
945 |d 19961004 00:00:00  |a rleighto 
260 |a Barcelona  |b Gustavo Gili  |c 1982 
650 0 |a Arquitectura  |9 804558 
650 0 |a Diseño arquitectónico   |9 265271 
650 7 |a PLANOS  |2 CL-VaPUC  |9 260106 
650 0 |a Edificios   |9 260501 
650 0 |a Viviendas   |9 255326 
650 0 |a Proyectos  |9 337967 
650 0 |a Ingeniería de la construcción  |9 337989 
650 7 |a REVESTIMIENTOS  |2 CL-VaPUC  |9 339657 
650 0 |a Diseño de viviendas  |9 268897 
650 7 |a OPERACIONES DE CONSTRUCCION  |2 CL-VaPUC  |9 347463 
583 |a last modification  |c 19961004 00:00:00  |k Rodrigo Vera 
999 |c 252188  |d 252186 
952 |0 0  |1 0  |4 0  |6 720_920000000000000_STI_1982  |7 0  |8 A  |9 271918  |a BIBARQ  |b BIBARQ  |d 2019-11-19  |i 3235297  |l 1  |o 720.92 STI 1982  |p 3235297  |r 2025-01-20  |s 2023-06-01  |w 2019-11-19  |y BK  |k ARQ